Clic Les lieux de culte - Statistiques

Statistiques générales
  • Ce quiz a été pris 87 fois
  • Le résultat moyen est 8 sur 20
Statistiques - réponses
Hint Explanation Réponse % Correct
Petite église souvent à usage privé Dans un château par exemple Chapelle
89%
Partie souvent enterrée d'une église qui peut servir de caveau Crypte
79%
Lieu de culte de musulmans Mosquée
75%
Lieu de culte des juifs Synagogue
75%
Eglise disposant de fonts baptismaux et d'un cimetière où officie un curé Dans une paroisse Eglise paroissiale
51%
Eglise située dans l'enceinte d'un monastère qu'on peut aussi appeler abbaye Abbatiale
49%
Espace sacré chez les Romains, les Egyptiens ou les Grecs de l'Antiquité Temple
49%
Edifice religieux de Mésopotamie en forme de pyramide Ziggurat
49%
Eglise principale d'un diocèse dans laquelle se trouve un siège réservé à l'évêque Siège appelé cathèdre Cathédrale
46%
Lieu de culte dans lequel se trouve une relique pour les bouddhistes Pagode
40%
Eglise dans laquelle se réunissaient jusqu'à la Révolution des chanoines Réunis en collège Collégiale
39%
Eglise honorable pour ses origines, sa renommée ou même son architecture Basilique
33%
Petite ou petit édifice appelant à la prière chez les catholiques Oratoire
32%
Lieu de culte des sikhs Gurdwara
30%
Sanctuaire dans le shintoïsme Jinja
26%
Lieu de culte dans le confucianisme Kong Miao
26%
Lieu de culte des Mormons Temple
19%
Eglise située dauns la dépendance d'un monastère appelé prieuré Eglise priorale
18%
Lieu de culte des Hindous Mandir
11%
Lieu de culte dans le taoïsme Temple
2%
Aucun quiz correspondant
Distribution des résultats
% des personnes avec chaque résultat
Percentile par nombre de réponses
Votre historique - résultats
Vous n’avez pas pris ce quiz